Clash Royal Kortsamling Norsk - Statistics

General Stats
  • This quiz has been taken 10 times
  • The average score is 25 of 121
Answer Stats
Eliksir Answer % Correct
1 Ildånd
63%
1 Isånd
63%
3 Piler
63%
5 Prins
63%
3 Ridder
63%
1 Skjeletter
63%
1 Elektroånd
50%
5 Heks
50%
3 Kanon
50%
5 Kjempe
50%
7 Megaridder
50%
4 Mini P.E.K.K.A
50%
5 Nissehytte
50%
2 Nisser
50%
3 Nissetønne
50%
7 P.E.K.K.A
50%
3 Prinsesse
50%
5 Ballong
38%
5 Barbarer
38%
2 Barbartønne
38%
3 Blåserørnisse
38%
2 Bomber
38%
2 Flaggermus
38%
8 Golem
38%
4 Ildkule
38%
4 Musketer
38%
6 Nissekjempe
38%
6 Rakett
38%
4 Runekjempe
38%
3 Skjelettarmé
38%
? Speil
38%
2 Spydnisser
38%
4 Tesla
38%
5 Trollmann
38%
6 Barbarhytte
25%
4 Bombetårn
25%
3 Bueskyttere
25%
4 Drageunge
25%
6 Elitebarbarer
25%
2 Enorm snøball
25%
4 Gift
25%
3 Gravstein
25%
4 Ildsted
25%
5 Infernotårn
25%
2 Isgolem
25%
4 Jeger
25%
5 Kongelige villsvin
25%
3 Lakeier
25%
3 Megalakei
25%
4 Nissebur
25%
3 Nissegjeng
25%
3 Skjelettønne
25%
9 Tre musketerer
25%
3 Vakter
25%
4 Villsvinrytter
25%
2 Zap
25%
4 Zappier
25%
5 Bøddel
13%
4 Den mørke prinsen
13%
5 Elektrodrage
13%
4 Flymaskin
13%
4 Føniks
13%
4 Frysing
13%
3 Graver
13%
4 Gullridder
13%
4 Infernodrage
13%
3 Jordskjelv
13%
3 Kinaputt
13%
6 Kjempeskjelett
13%
7 Kongelige rekrutter
13%
6 Kongelig kjempe
13%
7 Lavahund
13%
3 Lille Prins
13%
6 Lyn
13%
2 Mistenkelig busk
13%
4 Morter
13%
5 Munk
13%
2 Murbrekkere
13%
2 Nisseplage
13%
5 Nissestein
13%
4 Rambukk
13%
2 Raseri
13%
1 Sanitetsånd
13%
4 Skjelettdrager
13%
4 Skjelettkonge
13%
4 Stridshelbreder
13%
2 Tømmerstokken
13%
4 Valkyrje
13%
6 X-bue
13%
3 Banditt
0%
5 Bowler
0%
5 Bueskytterdronning
0%
5 Bukkerytter
0%
Tårn Dolkhertuginne
0%
7 Elektrokjempe
0%
4 Elektrotrollmann
0%
3 Eliksirgolem
0%
6 Eliksirpumpe
0%
3 Fiskeren
0%
4 Gedigen graver
0%
6 Gnist
0%
5 Gravplass
0%
3 Is-trollmann
0%
Tårn Kanonér
0%
5 Kanonvogn
0%
3 Klon
0%
Tårn Kongelig kokk
0%
3 Kongelig levering
0%
3 Kongelig spøkelse
0%
5 Lakeihorde
0%
4 Magisk bueskytter
0%
4 Moderheks
0%
4 Nattheks
0%
4 Nissebor
0%
5 Nissemaskin
0%
4 Nisseriver
0%
5 Rakkere
0%
Tårn Tårnprinsesse
0%
4 Tømmerhogger
0%
3 Tomrom
0%
3 Tornado
0%
No matching quizzes found
Score Distribution
Percent of People with Each Score
Percentile by Number Answered
Your Score History
You have not taken this quiz